000 00732nam a2200217Ia 4500
003 GCL
008 140319s9999 xx 000 0 ara d
040 _aGCL /
_cGCL
082 0 4 _a792.028
_bب ف
100 1 _aانور المشرى (مترجم)
245 1 0 _aفن التمثيل : الدروس السته الاولى /
_cانور المشرى (مترجم)
700 1 _aكامل يوسف
700 1 _aبوسلافسكى، ريتشارد
300 _a126 ص
490 _aالهيئة العامة للاستعلامات
_v0
650 0 4 _aالتمثيل
650 0 4 _aالتمثيل فى المسرح
650 0 4 _aالممثلون والممثلات
650 0 4 _aالتمثيل فى السينما
942 _2ddc
_cBK
999 _c47377
_d47377